000
00291nam a22001337a 4500
008
181121b xxu||||| |||| 00| 0 eng d
020
_a
0316489107
041
_a
eng
080
_a
610.73
100
_a
2
101
_a
INF
245
_a
Critical Care Nursing
_c
Kenner, C.V
942
_2
udc
_c
BK
999
_c
52297
_d
52297